[Event "Jugend WM U20"]
[Site "Istanbul"]
[Date "2005.11.10"]
[Round "1.3"]
[White "Gashimov, Vugar"]
[Black "Glud, Jacob Vang"]
[Result "1-0"]
[WhiteElo "2608"]
[BlackElo "2349"]
[PlyCount "53"]
[EventDate "2005.11.??"]
[EventType "swiss"]
[EventRounds "13"]
[EventCountry "TUR"]
[Source "Reinhold Goldau"]
[SourceDate "2000.03.01"]

1. e4 e6 2. d4 d5 3. Nd2 Nf6 4. e5 Nfd7 5. Bd3 c5 6. c3 Nc6 7. Ne2 Qb6 8. Nf3
cxd4 9. cxd4 f6 10. exf6 Nxf6 11. O-O Bd6 12. b3 O-O 13. Bb2 Bd7 14. Ng3 a5 15.
a3 a4 16. b4 Na5 17. Ne5 Be8 18. Qe2 Nb3 19. Rad1 Kh8 20. f4 Bc7 21. Kh1 Nxd4
22. Bxd4 Qxd4 23. Bxh7 Qxd1 24. Rxd1 Nxh7 25. Rc1 Rc8 26. Qg4 Bh5 27. Qxe6 1-0

[Event "Jugend WM U20"]
[Site "Istanbul"]
[Date "2005.11.10"]
[Round "1.4"]
[White "Tikkanen, Hans"]
[Black "Wojtaszek, Radoslaw"]
[Result "0-1"]
[WhiteElo "2343"]
[BlackElo "2606"]
[PlyCount "114"]
[EventDate "2005.11.??"]
[EventType "swiss"]
[EventRounds "13"]
[EventCountry "TUR"]
[Source "Reinhold Goldau"]
[SourceDate "2000.03.01"]

1. d4 Nf6 2. c4 e6 3. Nc3 c5 4. d5 exd5 5. cxd5 d6 6. e4 g6 7. f4 Bg7 8. Bb5+
Nfd7 9. a4 Qh4+ 10. g3 Qd8 11. Nh3 O-O 12. O-O a6 13. Be2 Re8 14. Nf2 Nf8 15.
h4 Bd4 16. Kg2 f5 17. Bd3 Qf6 18. Qb3 Nbd7 19. Bd2 Qf7 20. Rae1 Nf6 21. Qc2
Bxf2 22. Rxf2 fxe4 23. Nxe4 Nxe4 24. Bxe4 Bf5 25. Bxf5 gxf5 26. Qd3 Rxe1 27.
Bxe1 Re8 28. Bc3 Re4 29. b3 Nd7 30. Bb2 Kf8 31. Rd2 Nf6 32. Kf1 Qe7 33. Bxf6
Qxf6 34. Re2 Qa1+ 35. Kf2 Qd4+ 36. Qxd4 Rxd4 37. Re6 Rxd5 38. Rh6 Kg8 39. Ke2
b5 40. axb5 axb5 41. Re6 Kf7 42. Rh6 Kg7 43. Re6 Rd4 44. Re7+ Kg6 45. Rb7 Re4+
46. Kd2 b4 47. Rd7 Rd4+ 48. Ke3 h6 49. Re7 Rd1 50. Re6+ Kh5 51. Ke2 Rb1 52.
Rxd6 Rxb3 53. Rd5 Kg4 54. Rxc5 Rxg3 55. Rb5 b3 56. Kf2 h5 57. Rb7 Rc3 0-1

[Event "Jugend WM U20"]
[Site "Istanbul"]
[Date "2005.11.10"]
[Round "1.5"]
[White "Berkes, Ferenc"]
[Black "El Debs, Felipe De Cresce"]
[Result "1/2-1/2"]
[WhiteElo "2596"]
[BlackElo "2341"]
[PlyCount "55"]
[EventDate "2005.11.??"]
[EventType "swiss"]
[EventRounds "13"]
[EventCountry "TUR"]
[Source "Reinhold Goldau"]
[SourceDate "2000.03.01"]

1. d4 d5 2. c4 c6 3. Nf3 Nf6 4. Nc3 e6 5. cxd5 exd5 6. Qc2 g6 7. Bg5 Be7 8. e3
Bf5 9. Qb3 Qb6 10. Nd2 O-O 11. Be2 Nbd7 12. O-O Rfe8 13. Rfc1 Bd6 14. h3 Ne4
15. Ncxe4 Bxe4 16. Bg4 Nf8 17. Bh6 Qxb3 18. Nxb3 Ne6 19. a3 f6 20. Bxe6+ Rxe6
21. Bf4 Bxf4 22. exf4 Re7 23. Rc3 Bf5 24. g4 Be6 25. Re1 Rae8 26. f3 Kf7 27.
Kf2 Bc8 28. Rxe7+ 1/2-1/2

[Event "Jugend WM U20"]
[Site "Istanbul"]
[Date "2005.11.10"]
[Round "1.7"]
[White "Tomashevsky, Evgeny"]
[Black "Jojua, Davit"]
[Result "1-0"]
[WhiteElo "2564"]
[BlackElo "2337"]
[PlyCount "63"]
[EventDate "2005.11.??"]
[EventType "swiss"]
[EventRounds "13"]
[EventCountry "TUR"]
[Source "Reinhold Goldau"]
[SourceDate "2000.03.01"]

1. c4 Nf6 2. Nc3 g6 3. d4 Bg7 4. Bg5 d6 5. e3 O-O 6. Nf3 Nbd7 7. Be2 c6 8. Qc2
Qc7 9. O-O e5 10. Rad1 Re8 11. dxe5 dxe5 12. Nd2 Nf8 13. b4 Bf5 14. Qb3 a5 15.
a3 axb4 16. axb4 b6 17. Bxf6 Bxf6 18. Bf3 Rad8 19. b5 cxb5 20. Nd5 Qd6 21. cxb5
Bg7 22. Nc4 Qc5 23. Ndxb6 Be6 24. Qa4 Rb8 25. Bc6 Re7 26. Nd5 Ra7 27. Qc2 e4
28. Qxe4 Ra4 29. Rc1 Rd8 30. Rfd1 Nd7 31. Qc2 Ra7 32. Nf4 1-0

[Event "Jugend WM U20"]
[Site "Istanbul"]
[Date "2005.11.10"]
[Round "1.8"]
[White "Gopal, GN."]
[Black "Nyback, Tomi"]
[Result "0-1"]
[WhiteElo "2327"]
[BlackElo "2563"]
[PlyCount "82"]
[EventDate "2005.11.??"]
[EventType "swiss"]
[EventRounds "13"]
[EventCountry "TUR"]
[Source "Reinhold Goldau"]
[SourceDate "2000.03.01"]

1. e4 g6 2. d4 Bg7 3. Nc3 d6 4. Be3 a6 5. Nf3 b5 6. Bd3 Bb7 7. O-O Nd7 8. a4 b4
9. Ne2 Ngf6 10. Ng3 O-O 11. c3 bxc3 12. bxc3 c5 13. h3 Qc7 14. Qd2 Rfe8 15. a5
e5 16. d5 Bxd5 17. exd5 e4 18. Be2 exf3 19. Bxf3 Rab8 20. Be2 Qb7 21. Rfd1 h5
22. Qd3 h4 23. Nf1 Ne4 24. Rdc1 Qa8 25. Nd2 Nxd2 26. Qxd2 Nf6 27. Qd3 Ne4 28.
Ra4 f5 29. Bf3 Re5 30. Bxe4 fxe4 31. Rxe4 Qxd5 32. Qxd5+ Rxd5 33. Rxh4 Rd3 34.
c4 Rb4 35. Ra1 Kf7 36. Re1 Bc3 37. Re2 Rb1+ 38. Kh2 Rb2 39. Rxb2 Bxb2 40. Bg5
Be5+ 41. f4 Bf6 0-1

[Event "Jugend WM U20"]
[Site "Istanbul"]
[Date "2005.11.10"]
[Round "1.9"]
[White "Stellwagen, Daniel"]
[Black "Aleskerov, Faik"]
[Result "1-0"]
[WhiteElo "2561"]
[BlackElo "2321"]
[PlyCount "91"]
[EventDate "2005.11.??"]
[EventType "swiss"]
[EventRounds "13"]
[EventCountry "TUR"]
[Source "Reinhold Goldau"]
[SourceDate "2000.03.01"]

1. e4 c6 2. d4 d5 3. Nd2 dxe4 4. Nxe4 Bf5 5. Ng3 Bg6 6. h4 h6 7. Nf3 Nd7 8. h5
Bh7 9. Bd3 Bxd3 10. Qxd3 Ngf6 11. Bf4 e6 12. O-O-O Be7 13. Kb1 O-O 14. Ne4 Qb6
15. g4 Nxg4 16. Nh2 e5 17. Bc1 Nxh2 18. Rxh2 f5 19. Ng3 f4 20. Nf5 Bg5 21. Qc4+
Kh8 22. Nd6 exd4 23. Nf7+ Rxf7 24. Qxf7 Ne5 25. Qe6 Nf3 26. Rh3 Nh4 27. Qg4 d3
28. Rdxd3 Qxf2 29. Rd2 Qe1 30. Rd1 Qf2 31. Bxf4 Bxf4 32. Qxh4 Qe2 33. Re1 Qd2
34. Rd3 Qa5 35. a3 Bg5 36. Qb4 Qc7 37. Qd6 Qa5 38. Rf1 Re8 39. Rf8+ Rxf8 40.
Qxf8+ Kh7 41. Qe8 Qf5 42. Qd7 Qf1+ 43. Rd1 Qf2 44. Qd3+ Kh8 45. Rf1 Qc5 46. Re1
1-0

[Event "Jugend WM U20"]
[Site "Istanbul"]
[Date "2005.11.10"]
[Round "1.10"]
[White "Macak, Stefan"]
[Black "Predojevic, Borki"]
[Result "0-1"]
[WhiteElo "2319"]
[BlackElo "2558"]
[PlyCount "61"]
[EventDate "2005.11.??"]
[EventType "swiss"]
[EventRounds "13"]
[EventCountry "TUR"]
[Source "Reinhold Goldau"]
[SourceDate "2000.03.01"]

1. e4 c5 2. Nf3 e6 3. d4 cxd4 4. Nxd4 a6 5. Bd3 Nf6 6. O-O d6 7. c4 b6 8. Nc3
Be7 9. Be3 Bb7 10. f3 O-O 11. Qd2 Nbd7 12. Rfd1 Rc8 13. Rac1 Qc7 14. b3 Qb8 15.
Qf2 Rfe8 16. Bf1 Bd8 17. g4 Ne5 18. g5 Nfd7 19. Be2 Nc6 20. h4 Nxd4 21. Rxd4
Bc6 22. Rcd1 Be7 23. h5 b5 24. R4d2 b4 25. Nb1 a5 26. g6 hxg6 27. hxg6 fxg6 28.
Qg2 Nf8 29. Rd3 Rcd8 30. Nd2 Qb7 31. Nf1 {..........} 0-1

[Event "Jugend WM U20"]
[Site "Istanbul"]
[Date "2005.11.10"]
[Round "1.11"]
[White "Kharitonov, Alexandr"]
[Black "Nava, Roderick"]
[Result "1-0"]
[WhiteElo "2545"]
[BlackElo "2317"]
[PlyCount "87"]
[EventDate "2005.11.??"]
[EventType "swiss"]
[EventRounds "13"]
[EventCountry "TUR"]
[Source "Reinhold Goldau"]
[SourceDate "2000.03.01"]

1. d4 Nf6 2. c4 g6 3. g3 Bg7 4. Bg2 d6 5. Nf3 O-O 6. Nc3 Nc6 7. O-O a6 8. Qd3
Nb4 9. Qd2 Nd7 10. b3 e5 11. dxe5 Nxe5 12. Bb2 Nbc6 13. Rad1 Bg4 14. Ne1 Be6
15. Nd5 f5 16. Nf3 h6 17. Nd4 Bd7 18. f4 Ng4 19. e4 Nf6 20. exf5 gxf5 21. Rfe1
Kh7 22. Ne6 Bxe6 23. Rxe6 Rf7 24. Rde1 Qf8 25. Nxf6+ Bxf6 26. Bf3 Bxb2 27. Qxb2
Qg7 28. Qg2 Raf8 29. Bxc6 bxc6 30. Qxc6 Qd4+ 31. Kh1 a5 32. Qf3 Qg7 33. Qd5 Rf6
34. Rxf6 Qxf6 35. Qxa5 Rf7 36. Qd5 Rg7 37. Qd1 Qg6 38. a4 Rf7 39. Qd5 Rg7 40.
a5 Qh5 41. a6 c5 42. Re3 Qh3 43. Kg1 h5 44. Qf3 1-0

[Event "Jugend WM U20"]
[Site "Istanbul"]
[Date "2005.11.10"]
[Round "1.12"]
[White "Carron, Julien"]
[Black "L'Ami, Erwin"]
[Result "0-1"]
[WhiteElo "2314"]
[BlackElo "2541"]
[PlyCount "148"]
[EventDate "2005.11.??"]
[EventType "swiss"]
[EventRounds "13"]
[EventCountry "TUR"]
[Source "Reinhold Goldau"]
[SourceDate "2000.03.01"]

1. d4 d5 2. Nf3 c6 3. c4 Nf6 4. Qc2 dxc4 5. e4 b5 6. b3 cxb3 7. axb3 e6 8. Bd2
a5 9. b4 a4 10. Na3 Bb7 11. Bd3 Nbd7 12. O-O Be7 13. Rab1 h6 14. Bf4 O-O 15.
Qe2 Re8 16. Rfc1 Bf8 17. Ne5 Nxe5 18. Bxe5 Nd7 19. Bg3 Qb6 20. Rd1 Rad8 21. Bh4
Be7 22. Bxe7 Rxe7 23. e5 f6 24. Qe4 f5 25. Qh4 Rf7 26. Be2 Nf8 27. Rbc1 Rfd7
28. Rc5 Ng6 29. Qg3 Ne7 30. Qc3 Nd5 31. Qb2 Nc7 32. Nc2 Rf8 33. h3 Nd5 34. Bf3
Qd8 35. Ne3 Ne7 36. Qa2 Kf7 37. Qd2 Qe8 38. Bh5+ g6 39. Bf3 Kg7 40. Qc3 Qf7 41.
Nc2 Rfd8 42. Qe3 Nd5 43. Qe1 g5 44. Ne3 Ne7 45. Nc2 h5 46. g3 Rh8 47. Qe3 g4
48. Bg2 Qg6 49. h4 Qh6 50. Rd3 f4 51. Qxf4 Qxf4 52. gxf4 Ng6 53. Bxc6 Bxc6 54.
Rxc6 Nxf4 55. Rd2 Ra8 56. Na3 Rxd4 57. Rxd4 Ne2+ 58. Kf1 Nxd4 59. Rd6 Nf3 60.
Rxe6 Nd2+ 61. Ke2 Nc4 62. Nxc4 bxc4 63. Rd6 Kf7 64. Ke3 a3 65. Rd1 Ke6 66. Ra1
Kxe5 67. Ra2 Rf8 68. b5 Rf3+ 69. Ke2 Kd5 70. b6 Kc6 71. Rc2 Kxb6 72. Rxc4 Kb5
73. Rc1 Kb4 74. Rb1+ Kc3 0-1

[Event "Jugend WM U20"]
[Site "Istanbul"]
[Date "2005.11.10"]
[Round "1.14"]
[White "Jessel, Stephen"]
[Black "Zhigalko, Andrey"]
[Result "1-0"]
[WhiteElo "2304"]
[BlackElo "2537"]
[PlyCount "95"]
[EventDate "2005.11.??"]
[EventType "swiss"]
[EventRounds "13"]
[EventCountry "TUR"]
[Source "Reinhold Goldau"]
[SourceDate "2000.03.01"]

1. e4 c5 2. Nf3 d6 3. d4 cxd4 4. Nxd4 Nf6 5. Nc3 a6 6. Be2 e6 7. O-O Be7 8. Be3
O-O 9. f4 Nc6 10. Qe1 Nxd4 11. Bxd4 b5 12. a3 Bb7 13. Qg3 g6 14. Bd3 Rc8 15.
Kh1 Nh5 16. Qe3 Qd7 17. Rad1 f5 18. Be2 Nf6 19. Bxf6 Bxf6 20. e5 Be7 21. exd6
Bxd6 22. Rd3 Rfd8 23. Rfd1 Qe7 24. Qb6 Rc6 25. Qe3 Rc7 26. Bf3 Bxf3 27. Qxf3
Rcc8 28. Qe3 Bc7 29. Nd5 Rxd5 30. Rxd5 Bxf4 31. Qe2 Re8 32. R5d3 e5 33. g3 Bg5
34. Rd7 Qe6 35. R1d6 Qa2 36. Qd1 Rc8 37. b3 Kh8 38. Qd5 Qa1+ 39. Qd1 Qxa3 40.
h4 Bh6 41. Rd8+ Rxd8 42. Rxd8+ Bf8 43. Qd7 Qb4 44. Kh2 Qc5 45. Kh3 Kg8 46. Qe6+
Kg7 47. Rd7+ Kh6 48. Qf6 1-0

[Event "Jugend WM U20"]
[Site "Istanbul"]
[Date "2005.11.10"]
[Round "1.15"]
[White "Smeets, Jan"]
[Black "Kvon, Andrey"]
[Result "1-0"]
[WhiteElo "2531"]
[BlackElo "2293"]
[PlyCount "61"]
[EventDate "2005.11.??"]
[EventType "swiss"]
[EventRounds "13"]
[EventCountry "TUR"]
[Source "Reinhold Goldau"]
[SourceDate "2000.03.01"]

1. e4 c5 2. Nf3 Nc6 3. Bb5 g6 4. Bxc6 dxc6 5. d3 Bg7 6. h3 Nf6 7. Nc3 O-O 8.
Be3 b6 9. Qd2 e5 10. Bh6 Qd6 11. Nh2 Be6 12. O-O-O b5 13. Ng4 Nd7 14. Kb1 Rfe8
15. Bxg7 Kxg7 16. Qh6+ Kh8 17. f4 Qf8 18. Qxf8+ Rxf8 19. Nxe5 Nxe5 20. fxe5
Rae8 21. Rhf1 Bd7 22. d4 cxd4 23. Rxd4 Bc8 24. Rf6 Be6 25. Rd6 Bc4 26. b3 b4
27. Na4 Bb5 28. Nc5 Kg7 29. a4 Be2 30. Rf2 Rxe5 31. Rxc6 1-0

[Event "Jugend WM U20"]
[Site "Istanbul"]
[Date "2005.11.10"]
[Round "1.18"]
[White "Can, Emre"]
[Black "Laznicka, Viktor"]
[Result "1/2-1/2"]
[WhiteElo "2287"]
[BlackElo "2517"]
[PlyCount "93"]
[EventDate "2005.11.??"]
[EventType "swiss"]
[EventRounds "13"]
[EventCountry "TUR"]
[Source "Reinhold Goldau"]
[SourceDate "2000.03.01"]

1. e4 c6 2. d4 d5 3. Nd2 g6 4. Ngf3 Bg7 5. h3 Nd7 6. Bd3 dxe4 7. Nxe4 Ngf6 8.
Nxf6+ Nxf6 9. O-O O-O 10. Re1 b6 11. c3 Bb7 12. Bf4 e6 13. Qe2 Qe7 14. Rad1
Rad8 15. Ba6 Ba8 16. Ne5 Nd5 17. Bg3 Rfe8 18. Bc4 a5 19. a4 Rf8 20. Bxd5 Rxd5
21. Qa6 c5 22. Qxb6 cxd4 23. Rxd4 Rxd4 24. Qxd4 Qb7 25. f3 Qxb2 26. Qc5 Qd2 27.
Qxa5 h5 28. Qc5 Qg5 29. Bf2 Bd5 30. Nd7 Rd8 31. Nb6 Be5 32. Nxd5 Rxd5 33. Qc8+
Kg7 34. Qc4 Bg3 35. Bxg3 Qxg3 36. Qe2 Qf4 37. Qe4 Qd2 38. c4 Ra5 39. Kh2 Rxa4
40. Qe5+ Kh7 41. Re2 Qd3 42. c5 Rc4 43. Re4 Rc2 44. Rf4 Qd7 45. Rd4 Qe7 46. Rd6
Qc7 47. Rxe6 1/2-1/2

[Event "Jugend WM U20"]
[Site "Istanbul"]
[Date "2005.11.10"]
[Round "1.19"]
[White "Mamedov, Nidjat"]
[Black "Maenhout, Thibaut"]
[Result "1/2-1/2"]
[WhiteElo "2517"]
[BlackElo "2282"]
[PlyCount "83"]
[EventDate "2005.11.??"]
[EventType "swiss"]
[EventRounds "13"]
[EventCountry "TUR"]
[Source "Reinhold Goldau"]
[SourceDate "2000.03.01"]

1. e4 c5 2. Nf3 d6 3. d4 cxd4 4. Nxd4 Nf6 5. Nc3 a6 6. Be3 e5 7. Nb3 Be6 8. f3
Be7 9. Qd2 O-O 10. O-O-O b5 11. Kb1 b4 12. Nd5 Bxd5 13. exd5 a5 14. g4 Qc7 15.
g5 Nfd7 16. h4 Rc8 17. Bh3 a4 18. Nc1 a3 19. b3 Ra5 20. Rh2 Na6 21. h5 Qc3 22.
Qxc3 Rxc3 23. Re2 Rxe3 24. Rxe3 Bxg5 25. Re4 Nb6 26. Ne2 Nxd5 27. Rc4 g6 28.
hxg6 hxg6 29. Rc6 Nac7 30. Rxd6 Rc5 31. Rd7 Ne3 32. Rc1 Nf5 33. Bxf5 Bxc1 34.
Bxg6 Bb2 35. Bd3 Kf8 36. Bc4 Ke8 37. Rd1 f5 38. c3 bxc3 39. Kc2 Nb5 40. Rd5
Rxd5 41. Bxd5 Nd6 42. Bc4 1/2-1/2

[Event "Jugend WM U20"]
[Site "Istanbul"]
[Date "2005.11.10"]
[Round "1.20"]
[White "Akshat, Khamparia"]
[Black "Bartel, Mateusz"]
[Result "0-1"]
[WhiteElo "2275"]
[BlackElo "2513"]
[PlyCount "94"]
[EventDate "2005.11.??"]
[EventType "swiss"]
[EventRounds "13"]
[EventCountry "TUR"]
[Source "Reinhold Goldau"]
[SourceDate "2000.03.01"]

1. d4 f5 2. Nc3 d5 3. Bg5 c6 4. Qd2 Be6 5. f3 Nf6 6. Nh3 h6 7. Bxf6 gxf6 8. e3
Bf7 9. Bd3 e6 10. O-O-O Qa5 11. e4 Bb4 12. exf5 e5 13. Rde1 Nd7 14. a3 Bd6 15.
Ne4 Qxd2+ 16. Nxd2 O-O-O 17. c3 c5 18. dxc5 Nxc5 19. Bc2 a5 20. b4 Nd7 21. Kb2
d4 22. Ne4 dxc3+ 23. Kxc3 axb4+ 24. axb4 Be7 25. Bb3 Bxb3 26. Kxb3 Nb6 27. Rc1+
Kb8 28. Rhd1 Nd5 29. Nc5 Bxc5 30. Rxc5 Ne3 31. Rxd8+ Rxd8 32. g4 Rd2 33. Rc3
Nd5 34. Rc2 Rd4 35. Ng1 Rxb4+ 36. Ka3 Rb1 37. Ne2 Rf1 38. Rd2 Rxf3+ 39. Ka4
Nb6+ 40. Kb5 Rb3+ 41. Kc5 Kc7 42. Ng3 Rc3+ 43. Kb5 Nc4 44. Rd1 Ne3 45. Rg1 Rb3+
46. Ka4 Rb2 47. h3 Nc4 0-1

[Event "Jugend WM U20"]
[Site "Istanbul"]
[Date "2005.11.10"]
[Round "1.21"]
[White "Moradiabadi, Elshan"]
[Black "Amanov, Mesgen"]
[Result "1-0"]
[WhiteElo "2497"]
[BlackElo "2273"]
[PlyCount "69"]
[EventDate "2005.11.??"]
[EventType "swiss"]
[EventRounds "13"]
[EventCountry "TUR"]
[Source "Reinhold Goldau"]
[SourceDate "2000.03.01"]

1. d4 Nf6 2. c4 e6 3. Nc3 Bb4 4. e3 c5 5. Nge2 O-O 6. a3 cxd4 7. exd4 Be7 8.
Nf4 d5 9. cxd5 exd5 10. Bd3 Nc6 11. O-O Re8 12. h3 Bf8 13. Bc2 Be6 14. Nxe6
fxe6 15. Bg5 Qb6 16. Bxf6 gxf6 17. Ne2 Bd6 18. b4 Re7 19. Qd3 Rg7 20. Qe3 Kf7
21. Rad1 Rag8 22. g3 Qc7 23. Kh1 Nxb4 24. Bb1 Nc6 25. Rfe1 Qd7 26. Qf3 Ne7 27.
Ng1 Rc8 28. Re3 Rc6 29. Rde1 Bc7 30. Qh5+ Ng6 31. f4 Kf8 32. f5 exf5 33. Bxf5
Qf7 34. Bxg6 Rxg6 35. Re7 1-0

[Event "Jugend WM U20"]
[Site "Istanbul"]
[Date "2005.11.10"]
[Round "1.23"]
[White "Zinchenko, Yaroslav"]
[Black "Moosavian, S Hamed"]
[Result "1/2-1/2"]
[WhiteElo "2485"]
[BlackElo "2263"]
[PlyCount "84"]
[EventDate "2005.11.??"]
[EventType "swiss"]
[EventRounds "13"]
[EventCountry "TUR"]
[Source "Reinhold Goldau"]
[SourceDate "2000.03.01"]

1. e4 e6 2. d4 d5 3. Nd2 c5 4. Ngf3 Nc6 5. exd5 exd5 6. Bb5 Bd6 7. O-O Nge7 8.
dxc5 Bxc5 9. Nb3 Bd6 10. Re1 O-O 11. Bd3 h6 12. h3 Nf5 13. c3 Be6 14. Bc2 Qf6
15. Qd3 Rfe8 16. Bd2 Kf8 17. Re2 Rad8 18. Rae1 a6 19. g4 Nh4 20. Nxh4 Qxh4 21.
Qh7 Qf6 22. f4 Bxf4 23. Rf1 g5 24. Ref2 Qg7 25. Qxg7+ Kxg7 26. Bxf4 gxf4 27.
Rxf4 Re7 28. Nd4 Nxd4 29. Rxd4 h5 30. Kg2 hxg4 31. hxg4 Rc7 32. Bb3 Kg6 33. Kg3
Rc5 34. Rh1 Rb5 35. Kf4 Kf6 36. Rh5 Rg8 37. g5+ Kg7 38. Rh2 f6 39. Rh5 fxg5+
40. Rxg5+ Kf6 41. Rxg8 Bxg8 42. Rd2 Be6 1/2-1/2

[Event "Jugend WM U20"]
[Site "Istanbul"]
[Date "2005.11.10"]
[Round "1.24"]
[White "Pileckis, Emilis"]
[Black "Romanov, Evgeny"]
[Result "0-1"]
[WhiteElo "2255"]
[BlackElo "2479"]
[PlyCount "44"]
[EventDate "2005.11.??"]
[EventType "swiss"]
[EventRounds "13"]
[EventCountry "TUR"]
[Source "Reinhold Goldau"]
[SourceDate "2000.03.01"]

1. d4 Nf6 2. c4 e6 3. Nc3 Bb4 4. e3 O-O 5. Nf3 d5 6. Bd3 b6 7. O-O Bb7 8. a3
Bd6 9. Nb5 Be7 10. b3 c5 11. Bb2 Nc6 12. dxc5 bxc5 13. Bc2 a6 14. Nc3 d4 15.
Ne4 Nxe4 16. Bxe4 f5 17. Bxc6 Bxc6 18. Ne5 Be4 19. Qd2 Bf6 20. f4 Bxe5 21. fxe5
Qg5 22. Bc1 dxe3 0-1

[Event "Jugend WM U20"]
[Site "Istanbul"]
[Date "2005.11.10"]
[Round "1.26"]
[White "Shlykov, Vitali"]
[Black "Heberla, Bartlomiej"]
[Result "0-1"]
[WhiteElo "2238"]
[BlackElo "2465"]
[PlyCount "84"]
[EventDate "2005.11.??"]
[EventType "swiss"]
[EventRounds "13"]
[EventCountry "TUR"]
[Source "Reinhold Goldau"]
[SourceDate "2000.03.01"]

1. e4 c5 2. Nc3 d6 3. Nge2 Nf6 4. d4 cxd4 5. Nxd4 Bd7 6. Be3 Ng4 7. Bc1 Nf6 8.
Be3 Ng4 9. Bc1 Nc6 10. Be2 Nf6 11. Be3 g6 12. g4 Bg7 13. Rg1 O-O 14. g5 Ne8 15.
Qd2 Nc7 16. f4 Nxd4 17. Bxd4 e5 18. Be3 exf4 19. Bxf4 Ne6 20. Bxd6 Qb6 21.
O-O-O Bd4 22. Bf4 Bxg1 23. Nd5 Qd4 24. Qe1 Nxf4 25. Nf6+ Qxf6 26. gxf6 Rfd8 27.
Bf3 Bc5 28. Qc3 Ne6 29. Bg4 Bd4 30. Qf3 Ng5 31. Qf4 Bxg4 32. Qxg4 Bxf6 33. Rf1
Be7 34. h4 Ne6 35. h5 Rd7 36. hxg6 hxg6 37. e5 Rad8 38. a3 Bf8 39. Kb1 Bg7 40.
Qe4 Rd5 41. Qf3 R8d7 42. Re1 Rxe5 0-1

[Event "Jugend WM U20"]
[Site "Istanbul"]
[Date "2005.11.10"]
[Round "1.27"]
[White "Barnaure, Vlad-Victor"]
[Black "Laval, Brice"]
[Result "0-1"]
[WhiteElo "2454"]
[BlackElo "2214"]
[PlyCount "68"]
[EventDate "2005.11.??"]
[EventType "swiss"]
[EventRounds "13"]
[EventCountry "TUR"]
[Source "Reinhold Goldau"]
[SourceDate "2000.03.01"]

1. d4 Nf6 2. c4 g6 3. Nc3 Bg7 4. Nf3 d6 5. Bg5 h6 6. Bh4 g5 7. Bg3 Nh5 8. e3 c5
9. d5 Qa5 10. Rc1 Na6 11. Nd2 Nxg3 12. hxg3 Nc7 13. Bd3 Bd7 14. O-O a6 15. Nb3
Qb6 16. Qc2 Qa7 17. Bf5 Bxf5 18. Qxf5 Qb8 19. Qe4 Qd8 20. g4 Qd7 21. Rc2 O-O-O
22. Ne2 Ne8 23. Qf5 e6 24. dxe6 fxe6 25. Qd3 Nf6 26. f3 h5 27. gxh5 Rxh5 28.
Ng3 Rh4 29. Rd1 Nh5 30. Ne4 Be5 31. Rcd2 Ng3 32. Nbxc5 Qf7 33. Nxg3 Bxg3 34.
Ne4 Rh1+ 0-1

[Event "Jugend WM U20"]
[Site "Istanbul"]
[Date "2005.11.10"]
[Round "1.28"]
[White "Samakov, Nurdin"]
[Black "Magalashvili, Davit"]
[Result "1/2-1/2"]
[WhiteElo "2209"]
[BlackElo "2448"]
[PlyCount "127"]
[EventDate "2005.11.??"]
[EventType "swiss"]
[EventRounds "13"]
[EventCountry "TUR"]
[Source "Reinhold Goldau"]
[SourceDate "2000.03.01"]

1. e4 c5 2. Nf3 d6 3. d4 cxd4 4. Nxd4 Nf6 5. Nc3 a6 6. Be2 e5 7. Nb3 Be7 8. O-O
O-O 9. f4 b5 10. Bf3 Bb7 11. fxe5 dxe5 12. Qxd8 Bxd8 13. Bg5 Nbd7 14. a3 Rc8
15. Rad1 Nb6 16. Nd2 Be7 17. Be3 Nbd7 18. Ndb1 Rfe8 19. Rfe1 Nc5 20. Bf2 Ne6
21. Rd2 Ng5 22. Kf1 a5 23. Nd5 Nxd5 24. exd5 Nxf3 25. gxf3 Bg5 26. Be3 Bxe3 27.
Rxe3 f6 28. b4 axb4 29. axb4 Rc4 30. c3 Ra8 31. Rd1 Ra1 32. Red3 Rc8 33. Ke1
Rd8 34. d6 Kf7 35. Nd2 Ra3 36. Ne4 Bxe4 37. fxe4 Rd7 38. Ke2 Ke6 39. R1d2 Ra6
40. Rd5 Raxd6 41. Rxd6+ Rxd6 42. Ra2 f5 43. Ra7 fxe4 44. Rxg7 Rd7 45. Rg8 Rd3
46. Rb8 Rxc3 47. Rxb5 Rc2+ 48. Ke3 Kf5 49. Rb8 Rxh2 50. Rf8+ Ke6 51. b5 Rb2 52.
Rh8 Kf5 53. Rxh7 Rb3+ 54. Ke2 Rxb5 55. Rf7+ Ke6 56. Rf8 Rb3 57. Re8+ Kd6 58.
Rd8+ Ke7 59. Rg8 Kd6 60. Rd8+ Kc6 61. Re8 Kd6 62. Rd8+ Ke7 63. Rg8 e3 64. Rg6
1/2-1/2

[Event "Jugend WM U20"]
[Site "Istanbul"]
[Date "2005.11.10"]
[Round "1.30"]
[White "Bekkat, Azeddinne"]
[Black "Babujian, Levon"]
[Result "0-1"]
[WhiteElo "2202"]
[BlackElo "2429"]
[PlyCount "84"]
[EventDate "2005.11.??"]
[EventType "swiss"]
[EventRounds "13"]
[EventCountry "TUR"]
[Source "Reinhold Goldau"]
[SourceDate "2000.03.01"]

1. d4 Nf6 2. c4 e6 3. Nc3 d5 4. Bg5 Be7 5. e3 Nbd7 6. Nf3 h6 7. Bh4 O-O 8. Rc1
b6 9. cxd5 exd5 10. Ne5 Bb7 11. Nxd7 Qxd7 12. Bd3 c5 13. O-O c4 14. Bb1 b5 15.
Bxf6 Bxf6 16. Qf3 Rfe8 17. Rfd1 Qc7 18. Bf5 Qc6 19. e4 Rxe4 20. Bxe4 dxe4 21.
Qf5 e3 22. d5 Qb6 23. Rc2 Re8 24. fxe3 b4 25. Ne2 Re5 26. Qf2 Bxd5 27. e4 Be6
28. Qxb6 axb6 29. Nd4 Rxe4 30. Nc6 c3 31. b3 Bg4 32. Rf1 Bd7 33. Na7 Bd4+ 34.
Kh1 b5 35. Rd1 Bxa7 36. h3 Bf5 37. g4 Rxg4 38. hxg4 Bxc2 39. Rd8+ Kh7 40. Kg2
Be3 41. Kf3 Bg5 42. Rc8 Bd1+ 0-1

[Event "Jugend WM U20"]
[Site "Istanbul"]
[Date "2005.11.10"]
[Round "1.31"]
[White "Papin, Vasily"]
[Black "Tulay, Berkay"]
[Result "1-0"]
[WhiteElo "2425"]
[BlackElo "2179"]
[PlyCount "55"]
[EventDate "2005.11.??"]
[EventType "swiss"]
[EventRounds "13"]
[EventCountry "TUR"]
[Source "Reinhold Goldau"]
[SourceDate "2000.03.01"]

1. e4 c5 2. Nf3 e6 3. c3 Nf6 4. e5 Nd5 5. Bc4 d6 6. d4 cxd4 7. cxd4 Nc6 8. O-O
Be7 9. Qe2 O-O 10. Nc3 Nxc3 11. bxc3 d5 12. Bd3 Na5 13. Qc2 h6 14. Bf4 Nc4 15.
a4 Qc7 16. Qc1 b6 17. Re1 Rb8 18. Bb1 h5 19. Bg5 b5 20. Qf4 bxa4 21. Qh4 Bxg5
22. Qxg5 f6 23. exf6 Rxf6 24. Qxh5 Bd7 25. Qh7+ Kf7 26. Ng5+ Ke8 27. Bg6+ Kd8
28. Qg8+ 1-0

[Event "Jugend WM U20"]
[Site "Istanbul"]
[Date "2005.11.10"]
[Round "1.32"]
[White "Zeynalov, Farid"]
[Black "Rau, Hannes"]
[Result "1/2-1/2"]
[WhiteElo "2179"]
[BlackElo "2421"]
[PlyCount "108"]
[EventDate "2005.11.??"]
[EventType "swiss"]
[EventRounds "13"]
[EventCountry "TUR"]
[Source "Reinhold Goldau"]
[SourceDate "2000.03.01"]

1. c4 Nf6 2. Nc3 c5 3. Nf3 b6 4. g3 Bb7 5. Bg2 e6 6. O-O d6 7. Re1 Nbd7 8. e4
a6 9. d4 cxd4 10. Qxd4 Be7 11. b3 O-O 12. Ba3 Nc5 13. Rad1 Qc8 14. h3 Rd8 15.
Nd2 Qc7 16. Qe3 Rac8 17. Kh2 Bf8 18. Bb2 Bc6 19. Rc1 Qb8 20. b4 Ncd7 21. f4 b5
22. a3 Nb6 23. Ne2 bxc4 24. Bd4 Nfd7 25. Nxc4 Nxc4 26. Rxc4 Bb5 27. Rxc8 Rxc8
28. Rc1 Bc4 29. Ba1 Nb6 30. Nd4 d5 31. Nb3 dxe4 32. Bxe4 Bd5 33. Be5 Qb7 34.
Rxc8 Qxc8 35. Qxb6 Bxb3 36. Qc7 Qxc7 37. Bxc7 Bc4 38. Kg2 Bd5 39. Bxd5 exd5 40.
Kf3 f5 41. Ke3 Kf7 42. Kd4 Ke6 43. Bb6 g6 44. Bc5 Bg7+ 45. Kd3 Kd7 46. a4 Kc6
47. Bd4 Bf8 48. Bc3 Be7 49. Kd4 Bf6+ 50. Kd3 Bd8 51. Bd4 Bc7 52. h4 Bd6 53. Bc3
Bc7 54. Bd4 Bd6 1/2-1/2